<?xml version='1.0' encoding='UTF-8'?><?xml-stylesheet href='static/style.xsl' type='text/xsl'?><OAI-PMH xmlns="http://www.openarchives.org/OAI/2.0/" xmlns:xsi="http://www.w3.org/2001/XMLSchema-instance" xsi:schemaLocation="http://www.openarchives.org/OAI/2.0/ http://www.openarchives.org/OAI/2.0/OAI-PMH.xsd"><responseDate>2026-05-14T01:44:54Z</responseDate><request verb="GetRecord" identifier="oai:ebiltegia.mondragon.edu:20.500.11984/3819" metadataPrefix="marc">https://ebiltegia.mondragon.edu/oai/request</request><GetRecord><record><header><identifier>oai:ebiltegia.mondragon.edu:20.500.11984/3819</identifier><datestamp>2024-01-04T21:56:51Z</datestamp><setSpec>com_20.500.11984_1736</setSpec><setSpec>com_20.500.11984_1627</setSpec><setSpec>col_20.500.11984_1972</setSpec></header><metadata><record xmlns="http://www.loc.gov/MARC21/slim" xmlns:dcterms="http://purl.org/dc/terms/" xmlns:xsi="http://www.w3.org/2001/XMLSchema-instance" xmlns:doc="http://www.lyncode.com/xoai" xsi:schemaLocation="http://www.loc.gov/MARC21/slim http://www.loc.gov/standards/marcxml/schema/MARC21slim.xsd">
   <leader>00925njm 22002777a 4500</leader>
   <datafield ind2=" " ind1=" " tag="042">
      <subfield code="a">dc</subfield>
   </datafield>
   <datafield ind2=" " ind1=" " tag="720">
      <subfield code="a">Mondragon Unibertsitatea</subfield>
      <subfield code="e">author</subfield>
   </datafield>
   <datafield ind2=" " ind1=" " tag="260">
      <subfield code="c">2014-03-04</subfield>
   </datafield>
   <datafield ind2=" " ind1=" " tag="520">
      <subfield code="a">Kyun-seo giza eskubideen defendatzaile ospetsua da nazioartean. Hori dela eta, unibertsitateak gonbidapena luzatu dio, bere ikuspegia eman dezan XXI. mendeko biztanleek aurretik dituzten erronken inguruan: bakearen mezulari bihurtzea eta giza eskubideekin adiskidetzea, ingurumena babestea eta pertsonen osotasunean oinarritutako garapen ekonomikoa</subfield>
   </datafield>
   <datafield ind2=" " ind1=" " tag="520">
      <subfield code="a">La universidad ha invitado al conocido defensor de los derechos humanos a nivel internacional, Park Kyung-seo, a exponer su visión sobre el reto que los habitantes del siglo XXI tienen por delante: convertirse en mensajeros de la paz y reconciliarse con los derechos humanos, la protección del medio ambiente y un modelo de desarrollo económico basado en la integridad de las personas</subfield>
   </datafield>
   <datafield ind2=" " ind1=" " tag="520">
      <subfield code="a">The university has invited the internationally renowned defender of human rights, Park Kyung-seo, to present his views on the challenges that lie ahead of the inhabitants of 21st century: to become messengers of peace and to be reconciled with human rights, protection of the environment and an economic development model based on people’s integrity</subfield>
   </datafield>
   <datafield ind1="8" ind2=" " tag="024">
      <subfield code="a">https://hdl.handle.net/20.500.11984/3819</subfield>
   </datafield>
   <datafield tag="653" ind2=" " ind1=" ">
      <subfield code="a">Aktualitatea</subfield>
   </datafield>
   <datafield tag="653" ind2=" " ind1=" ">
      <subfield code="a">Actualidad</subfield>
   </datafield>
   <datafield ind2="0" ind1="0" tag="245">
      <subfield code="a">NBEko giza eskubideei buruzko ikerketa zentroko lehendakariak bakeari eta giza eskubideei buruz hitz egingo du Mondragon Unibertsitatean</subfield>
   </datafield>
   <datafield ind2="0" ind1="0" tag="245">
      <subfield code="a">El presidente del Centro de Estudios de Derechos Humanos de la ONU ofrece una conferencia en Mondragon Unibertsitatea sobre paz y derechos humanos</subfield>
   </datafield>
   <datafield ind2="0" ind1="0" tag="245">
      <subfield code="a">The President of the UN Centre for the Study of Human Rights offers a conference at Mondragon Unibertsitatea on peace and human rights</subfield>
   </datafield>
</record></metadata></record></GetRecord></OAI-PMH>